Economics and Sociology /
Kaydedildi:
| Yazar: | |
|---|---|
| Materyal Türü: | Metin |
| Etiketler: |
Etiketle
Etiket eklenmemiş, İlk siz ekleyin!
|
MARC
| LEADER | 00000 a a2200000 04500 | ||
|---|---|---|---|
| 001 | 48432 | ||
| 003 | |||
| 040 | |||
| 100 | |a Clashes, Early | ||
| 245 | |a Economics and Sociology / |c Early Clashes | ||
| 773 | |g volumen 35, número 1, (1987), páginas 11-24 | ||
| 999 | |c 32187 |d 32187 | ||
